LEADER 01084nam0-22003131i-450- 001 990000503860403321 005 20090212102216.0 035 $a000050386 035 $aFED01000050386 035 $a(Aleph)000050386FED01 035 $a000050386 100 $a20020821d1970----km-y0itay50------ba 101 0 $aeng 105 $aa-------101yy 200 1 $aProceedings of the fourth International congress on hyperbaric medicine$esapporo, Japan, september 1969$fEdited by Juro Wada, Takashi Iwa 210 $aTokio$cIgaku Shoin$aLondon$cBaillière, Tindall & Cassell$d1970 215 $a555 p.$cill.$d27 cm 610 0 $aOssigenoterapia iperbarica$aCongressi 676 $a615.836 702 1$aWada,$bJuro 702 1$aIwa,$bTakashi 710 12$aInternational congress on hyperbaric medicine$d<4th ;$f1969 ;$eJapan>$0491968 801 0$aIT$bUNINA$gRICA$2UNIMARC 901 $aBK 912 $a990000503860403321 952 $a10 PRO 57$b7186$fDINEL 959 $aDINEL 996 $aProceedings of the fourth International congress on hyperbaric medicine$9330041 997 $aUNINA LEADER 00948cam0-22003491i-450- 001 990004360590403321 005 20120903104454.0 035 $a000436059 035 $aFED01000436059 035 $a(Aleph)000436059FED01 035 $a000436059 100 $a19990604d1960----km-y0itay50------ba 101 1 $aita$ceng 102 $aIT 105 $ay-------001yy 200 1 $aStoria della dottrina di Monroe$fDexter Perkins 210 $aBologna$cIl Mulino$dc1960 215 $aXII, 415 p.$d24 cm 225 1 $aStoria americana$v7 676 $a973.5$v21$zita 700 1$aPerkins,$bDexter$0174368 801 0$aIT$bUNINA$gRICA$2UNIMARC 901 $aBK 912 $a990004360590403321 952 $aISVE N05.46$fDECTS 952 $a973.5 PER 1$bI.st.r.c.795$fFLFBC 952 $aSE 067.01.05-$bB026160$fDECSE 959 $aDECTS 959 $aFLFBC 959 $aDECSE 996 $aHistory of a Monroe doctrine$913224 997 $aUNINA LEADER 00898nam--2200325---450 001 990001443300203316 005 20210209114603.0 035 $a000144330 035 $aUSA01000144330 035 $a(ALEPH)000144330USA01 035 $a000144330 100 $a20040220d1966----km-y0itay0103----ba 101 0 $aita 102 $aIT 105 $a||||||||001yy 200 1 $a<> problemi dello Stato Italiano$fCarlo Cattaneo$ga cura di Carlo G. Lacaita 210 $aMilano$cMondadori$d1966 215 $a367 p.$d19 cm 410 0$12001 454 1$12001 461 1$1001-------$12001 700 1$aCATTANEO,$bCarlo$0446769 702 1$aLACAITA,$bCarlo G. 801 0$aIT$bsalbc$gISBD 912 $a990001443300203316 951 $aX.3.A. 76(Varie coll.36/824)$b21853 L.M.$cVarie coll. 959 $aBK 969 $aUMA 996 $aProblemi dello Stato Italiano$9935636 997 $aUNISA